[Event "Online Olym Div3 E"]
[Site "Chess.com INT"]
[Date "2020.08.09"]
[Round "9.4"]
[White "Hanoeman, Suradj"]
[Black "Valdes Romero, Leonardo"]
[Result "0-1"]
[WhiteElo "1988"]
[BlackElo "2402"]
[PlyCount "92"]
[EventDate "2020.08.07"]
[EventType "team-tourn (rapid)"]
[EventRounds "9"]
[EventCountry "USA"]
[SourceTitle "CBM 198"]
[Source "ChessBase"]
[SourceDate "2020.10.31"]
[SourceVersion "1"]
[SourceVersionDate "2020.10.31"]
[SourceQuality "1"]
[WhiteTeam "Surinam"]
[BlackTeam "Costa Rica"]
[WhiteTeamCountry "SUR"]
[BlackTeamCountry "CRI"]

1. d4 d6 2. Nf3 Nf6 3. c4 Nbd7 4. Nc3 e5 5. d5 Be7 6. e4 Nc5 7. Bd3 Nxd3+ 8. Qxd3 0-0 9. h3 Nd7 10. g4 a6 11. Be3 b5 12. cxb5 axb5 13. Nxb5 Ba6 14. 0-0 h5 15. Rfc1 hxg4 16. hxg4 Nf6 17. Nh2 Nxe4 18. Qxe4 Bxb5 19. a4 Bd7 20. Qc2 Bg5 21. Qxc7 Bxe3 22. Qxd8 Rfxd8 23. fxe3 Bxa4 24. Rc7 Bb3 25. Rxa8 Rxa8 26. Rd7 Ra6 27. e4 Bc2 28. Nf3 f6 29. Nd2 Bd1 30. Nc4 Bxg4 31. Rd8+ Kh7 32. Rxd6 Ra1+ 33. Kf2 Rd1 34. b4 Rd4 35. Ne3 Rxe4 36. Nxg4 Rxg4 37. b5 Rb4 38. b6 Kg6 39. Rc6 Kf5 40. Ke3 Rb3+ 41. Kf2 Rb5 42. Ke3 Rxd5 43. b7 Rb5 44. Rc7 g5 45. Kd3 g4 46. Kc4 Rb1 0-1

[Event "Online Olym Div4 D"]
[Site "Chess.com INT"]
[Date "2020.08.01"]
[Round "4.3"]
[White "Hanoeman, Suradj"]
[Black "Tchouka, Yakini"]
[Result "1-0"]
[WhiteElo "1988"]
[BlackElo "1591"]
[PlyCount "77"]
[EventDate "2020.07.31"]
[EventType "team-tourn (rapid)"]
[EventRounds "9"]
[EventCountry "USA"]
[SourceTitle "CBM 198"]
[Source "ChessBase"]
[SourceDate "2020.10.31"]
[SourceVersion "1"]
[SourceVersionDate "2020.10.31"]
[SourceQuality "1"]
[WhiteTeam "Surinam"]
[BlackTeam "Togo"]
[WhiteTeamCountry "SUR"]
[BlackTeamCountry "TOG"]

1. d4 Nf6 2. Nf3 d5 3. e3 Bf5 4. c4 c6 5. Nc3 e6 6. cxd5 cxd5 7. Qb3 Qb6 8. Qxb6 axb6 9. Bb5+ Nc6 10. Ne5 Rc8 11. Bd2 Be7 12. 0-0 0-0 13. a3 Na5 14. Ba4 Rfd8 15. Rfc1 Bd6 16. b4 Nc4 17. Nxc4 dxc4 18. f3 Bd3 19. e4 Be7 20. Be3 Ne8 21. d5 Bf6 22. Bxb6 Rd6 23. Bc5 Ra6 24. Bb5 Raa8 25. dxe6 fxe6 26. Bd7 Rd8 27. Bxe6+ Kh8 28. f4 Bxc3 29. Rxc3 Bxe4 30. Bxc4 Rd2 31. Bf1 Nf6 32. Re1 Bc6 33. b5 Bd5 34. Bb4 Ne4 35. Rce3 Rd4 36. Bd3 h6 37. Bxe4 Bxe4 38. Rxe4 Rxe4 39. Rxe4 1-0

[Event "Paramaribo Srefidensi 5th"]
[Site "Paramaribo"]
[Date "2017.11.25"]
[Round "7"]
[White "Hanoeman, Suradj"]
[Black "Enkhtuul, Altanulzii"]
[Result "1/2-1/2"]
[WhiteElo "2048"]
[BlackElo "2356"]
[PlyCount "180"]
[EventDate "2017.11.21"]
[EventType "swiss"]
[EventRounds "9"]
[EventCountry "SUR"]
[SourceTitle "CBM 181 Extra"]
[Source "ChessBase"]
[SourceDate "2017.12.12"]
[SourceVersion "1"]
[SourceVersionDate "2017.12.12"]
[SourceQuality "1"]

1. d4 Nf6 2. Nc3 c5 3. d5 d6 4. e4 g6 5. Nf3 Bg7 6. Be2 0-0 7. 0-0 Na6 8. Nd2 Nc7 9. a4 Nfe8 10. Nc4 Bd7 11. Bd2 b5 12. axb5 Nxb5 13. Nxb5 Bxb5 14. c3 a5 15. Na3 Bxe2 16. Qxe2 Qb8 17. Rfb1 Nc7 18. Nc4 Qb5 19. Qf1 a4 20. Bg5 Rfe8 21. g3 h6 22. Bd2 Reb8 23. Ra3 Qd7 24. Rba1 Nb5 25. R3a2 a3 26. Nxa3 Nxa3 27. Rxa3 Rxa3 28. bxa3 Qa4 29. Rb1 Rxb1 30. Qxb1 Kh7 31. Qe1 Qxa3 32. Qe3 Qb3 33. Kg2 e6 34. dxe6 fxe6 35. h4 h5 36. Qf4 d5 37. g4 Qd1 38. exd5 exd5 39. gxh5 Qxh5 40. Qg5 Qxg5+ 41. hxg5 c4 42. Kg3 Kg8 43. Kg4 Kf7 44. f4 Ke6 45. Be1 d4 46. cxd4 Bxd4 47. Bd2 Bb2 48. Be3 Ba1 49. Kf3 Kf5 50. Ke2 Ke4 51. Bc1 c3 52. f5 Kxf5 53. Kd3 Kg4 54. Kc2 Bb2 55. Be3 Kf5 56. Kd3 Ba1 57. Kc2 Kg4 58. Kd3 Kf3 59. Bc5 Bb2 60. Kc2 Kf4 61. Be7 Kf5 62. Kd1 Ke6 63. Bc5 Kd5 64. Be7 Ke6 65. Bc5 c2+ 66. Kxc2 Be5 67. Kd3 Bf4 68. Ke4 Bxg5 69. Kf3 Kf5 70. Kg2 Kf4 71. Bd6+ Kg4 72. Ba3 Bh4 73. Bb4 Bg3 74. Ba3 Bf4 75. Bb4 Kf5 76. Be7 Bg5 77. Ba3 Bf6 78. Bc1 Be5 79. Ba3 g5 80. Bb4 g4 81. Be1 Ke4 82. Ba5 Bf4 83. Bd8 Ke3 84. Bb6+ Ke2 85. Bd8 Bd6 86. Bg5 Kd3 87. Bf6 Ke4 88. Bd8 Be7 89. Bxe7 g3 90. Kxg3 Ke5 1/2-1/2

[Event "Paramaribo Srefidensi 5th"]
[Site "Paramaribo"]
[Date "2017.11.25"]
[Round "8"]
[White "Hanoeman, Suradj"]
[Black "Gu, Xiaobing"]
[Result "1-0"]
[WhiteElo "2048"]
[BlackElo "2332"]
[PlyCount "117"]
[EventDate "2017.11.21"]
[EventType "swiss"]
[EventRounds "9"]
[EventCountry "SUR"]
[SourceTitle "CBM 181 Extra"]
[Source "ChessBase"]
[SourceDate "2017.12.12"]
[SourceVersion "1"]
[SourceVersionDate "2017.12.12"]
[SourceQuality "1"]

1. d4 Nf6 2. Nc3 d5 3. Bg5 h6 4. Bxf6 exf6 5. e3 c6 6. Bd3 Bd6 7. Qf3 Nd7 8. g4 Nf8 9. 0-0-0 Be6 10. Nge2 Qd7 11. h3 Ng6 12. Bxg6 fxg6 13. e4 0-0 14. exd5 cxd5 15. Nf4 Bxf4+ 16. Qxf4 g5 17. Qd2 Bf7 18. f4 gxf4 19. Qxf4 Rac8 20. Rd2 b5 21. Qf5 Be6 22. Qd3 b4 23. Ne2 f5 24. Nf4 fxg4 25. Ng6 Rf3 26. Qe2 Rf6 27. Ne5 Qa4 28. Nxg4 Bxg4 29. Qxg4 Rfc6 30. Rg1 R8c7 31. Kb1 Ra6 32. a3 bxa3 33. b3 a2+ 34. Ka1 Qc6 35. Qg3 Rf7 36. Rdg2 Qf6 37. Qd3 Rb6 38. Rg6 Qf2 39. R6g2 Qf6 40. Rg6 Qf2 41. R6g2 Qf6 42. Rg6 Qe7 43. Rxb6 axb6 44. Kxa2 Qb4 45. Kb2 Rf4 46. Rd1 Qe7 47. Qg6 Rf6 48. Qd3 Re6 49. Ra1 Re4 50. Ra8+ Kh7 51. Ra1 Qf6 52. Rd1 Qg6 53. Qb5 Qh5 54. Rd3 Re6 55. Qd7 Re1 56. Rg3 Rb1+ 57. Kxb1 Qd1+ 58. Kb2 Qxd4+ 59. Ka2 1-0

[Event "Olympiad-42"]
[Site "Baku"]
[Date "2016.09.05"]
[Round "4.4"]
[White "Hemam, Moulaye Brahim"]
[Black "Hanoeman, Suradj"]
[Result "0-1"]
[WhiteElo "2032"]
[BlackElo "2012"]
[PlyCount "112"]
[EventDate "2016.09.02"]
[EventType "team-swiss"]
[EventRounds "11"]
[EventCountry "AZE"]
[SourceTitle "CBM 175"]
[Source "ChessBase"]
[SourceDate "2016.11.10"]
[SourceVersion "1"]
[SourceVersionDate "2016.11.10"]
[SourceQuality "1"]
[WhiteTeam "Mauritania"]
[BlackTeam "Surinam"]
[WhiteTeamCountry "MAU"]
[BlackTeamCountry "SUR"]

1. c4 e5 2. g3 Nf6 3. Bg2 d5 4. cxd5 Nxd5 5. Nc3 Nb6 6. Nf3 Nc6 7. 0-0 Be7 8. d3 0-0 9. a3 Re8 10. b4 Nd4 11. Be3 Bf8 12. Rc1 a5 13. Bxd4 exd4 14. Nb5 c6 15. Nbxd4 axb4 16. axb4 Bxb4 17. Nc2 Bf8 18. Qd2 Nd5 19. Ra1 Rxa1 20. Rxa1 Qf6 21. e4 Nc7 22. e5 Qd8 23. Ne3 Be6 24. h4 h6 25. Kh2 Nd5 26. Nc2 Bg4 27. Re1 Qb6 28. Re4 Bf5 29. Rc4 Qb3 30. Bf1 Qb1 31. Bg2 Ra8 32. Nfd4 Bd7 33. Bxd5 cxd5 34. Rc7 Rd8 35. Ne3 Qb6 36. Rxd7 Rxd7 37. Ne2 Bc5 38. d4 Bb4 39. Qa2 Qa6 40. Qc2 Qc6 41. Qf5 Rd8 42. Nf4 Bd2 43. e6 fxe6 44. Nxe6 Re8 45. Nxg7 Kxg7 46. Nxd5 Qe6 47. Qh5 Rd8 48. Nc7 Qf7 49. Qe5+ Kg8 50. Ne6 Re8 51. d5 Qxf2+ 52. Kh3 Qf7 53. Qe2 Bc3 54. Qg4+ Bg7 55. h5 Ra8 56. d6 Qf1+ 0-1

[Event "Olympiad-42"]
[Site "Baku"]
[Date "2016.09.03"]
[Round "2.4"]
[White "Hanoeman, Suradj"]
[Black "Abdulaziz, Mahmoud"]
[Result "1/2-1/2"]
[WhiteElo "2012"]
[BlackElo "2123"]
[PlyCount "85"]
[EventDate "2016.09.02"]
[EventType "team-swiss"]
[EventRounds "11"]
[EventCountry "AZE"]
[SourceTitle "CBM 175"]
[Source "ChessBase"]
[SourceDate "2016.11.10"]
[SourceVersion "1"]
[SourceVersionDate "2016.11.10"]
[SourceQuality "1"]
[WhiteTeam "Surinam"]
[BlackTeam "Lebanon"]
[WhiteTeamCountry "SUR"]
[BlackTeamCountry "LBN"]

1. d4 g6 2. c4 Bg7 3. Nc3 Nf6 4. e4 d6 5. Nf3 0-0 6. h3 c5 7. d5 b5 8. cxb5 a6 9. a4 axb5 10. Bxb5 Ba6 11. Qc2 Bxb5 12. Nxb5 Na6 13. Bd2 Qb6 14. 0-0 Rfc8 15. Bc3 c4 16. Nfd4 Nc5 17. Nc6 Qb7 18. Na5 Qd7 19. Nxc4 Nxa4 20. Rxa4 Qxb5 21. Rb4 Qc5 22. Qd3 Nd7 23. b3 Ra2 24. Rb7 Bxc3 25. Qxc3 Rc7 26. Rxc7 Qxc7 27. Ra1 Rxa1+ 28. Qxa1 Nc5 29. Qa8+ Kg7 30. Qc6 Qa7 31. e5 Nd3 32. Qb6 Qa1+ 33. Kh2 Nxe5 34. Qe3 Nxc4 35. bxc4 Kf6 36. Qf4+ Kg7 37. Qe3 Qf6 38. Kg3 h6 39. Qf4 Qc3+ 40. Kh2 g5 41. Qe4 Qf6 42. Kg1 e6 43. Kf1 1/2-1/2